Adrian Nowak Żalno Rozpakowanie Zakupy za 1500zł - Statystyki

Ogólne statystyki
  • Ten quiz został rozwiązany 364 razy
  • Średni wynik to 20 z 74
Statystyki odpowiedzi
Odpowiedź % Poprawnych
kełbasa (x8)
84%
jeden chleb, drugi chleb, trzeci chleb, czwarty chleb, piąty chleb + x6 chleb
77%
dwa bułki, dwa bułki, bułka
69%
pomidor, dwa pomidory, dwa pomidory, dwa pomidory, dwa pomidory, pomidor, dwa pomidory, dwa pomidory
54%
cola, cola, cola, cola, cola
51%
cola do picia - napój
51%
dwa japka, japko, dwa japka, dwa japka, dwa japka(!), dwa japka(!), japko
45%
anżyki, 2,7kg
42%
Helena Grażyna biała
39%
Helena Grażyna czerwona
39%
szynka
38%
półksiężyce z przepysznym nadzieniem 2,7kg z miodem naturalnym
37%
mała PEPSI
36%
miętusy, 2,7kg
36%
Pepsi duża puszka niebieska
36%
pomarańc, pomarańc, pomarańc
36%
papierosy jedne mocne
35%
papierosy LD
35%
piwo Henken (ale Lecha też lubi)
34%
kanoldy 2,7kg
33%
woda naturalna do picia
32%
ryba po grecku (x2)
31%
TIGER niebieski
31%
TIGER winno-niebieski
31%
żółty czy pomarańczowy TIGER
31%
TIGER zielony
30%
banamy
29%
jogurt grecki [gratka]
29%
napój junior dla sportowców
28%
napój junior POWER dla sportowców
28%
babka (x2)
27%
napój KRZYŚ
26%
nowy tygodnik tucholski
26%
tabletki APAP na ból zęba
26%
ogurki
25%
CROSS czarny
24%
jogurt biały naturalny, jogurt biały naturalny, jogurt biały naturalny, jogurt biały naturalny
24%
napój w butelce CROSS (x2)
24%
ryba po węgiersku
24%
kiwi
23%
leco rybne
23%
pudełko cukierki landrynki 2,7kg
23%
boczek wędzony (chyba słonina?)
22%
kawa INKA
21%
mandarynki, mandarynki
21%
kaszanka
20%
napój LIPTON
20%
napój Rokcstar (x2)
20%
dwa grejfruty, grejfrut
19%
zapalniczka
19%
herbata w granulkach słodka
18%
MIRINDA MIX
18%
napój żółty
18%
syrki topione długie (jedne naturalne drugie ze szynkom - i krótkie też)
18%
napój niebieski
17%
RedBull [czerwony byk]
17%
sprotki
16%
tabletki na gardło
15%
karta z plusa doładowanie 2x50zł
14%
tytoń mały
14%
kawa kapuczino
13%
mielone na klopsy (x2)
13%
syry w plastrach (x2)
13%
dwa plusy
12%
napój w kartonie [caprio]
11%
tabletki APAP Ekstra na ból głowy
11%
czipsy o smaku papryki (x2)
10%
czipsy o smaku śmietankowym
10%
cebulowe małe (x2)
9%
okrągłe takie mielone kotlety
8%
Cross cola czerwona
7%
jeden napój puszka
6%
napój 4Runners
6%
paczka ciastek (x3, za darmo)
5%
Nie znaleziono quizów pasujących do podanych kryteriów
Rozkład punktacji
Procent ludzi z każdym wynikiem
Percentyl według liczby udzielonych odpowiedzi
Twoja historia wyników
Nie rozwiązałeś tego quizu